Manual de verificación de instalaciones eléctricas en viviendas unifamiliares y multifamiliares, basado en el código eléctrico vigente al año 2012 en Costa Rica

Gespeichert in:
Bibliographische Detailangaben
1. Verfasser: Chaves Vargas, Allan José, 1988-
Weitere Verfasser: Rodríguez Solera, Juan Ramón, 1961- Director de Proyecto Eléctrico
Format: Buch
Sprache:Spanish
Veröffentlicht: [San José, Costa Rica] 2013
Schlagworte:
Tags: Tag hinzufügen
Keine Tags, Fügen Sie den ersten Tag hinzu!

MARC

LEADER 00000nam a22000007a 4500
003 011715
005 20230830105204.0
008 151002b2013 cr a|||| |||| 00| ||spa d
040 |c cru CEDI  
090 |a TFG 6885 
100 |9 1308  |a Chaves Vargas, Allan José, 1988- 
245 |a  Manual de verificación de instalaciones eléctricas en viviendas unifamiliares y multifamiliares, basado en el código eléctrico vigente al año 2012 en Costa Rica 
260 |a [San José, Costa Rica]  |c 2013 
300 |a  viii, 57 hojas : ilustraciones 
500 |a Proyecto de graduación (bachillerato en ingeniería eléctrica)--Universidad de osta Rica. Facultad de Ingeniería. Escuela de Ingeniería Eléctrica 
501 |a Profesor Guía IE-0502 Proyecto Eléctrico de Graduación: Ing. Juan Ramón Rodríguez Solera  
650 |x INSTALACIONES ELECTRICAS - MEDIDAS DE SEGURIDAD   |9 1281 
700 |9 680  |a Rodríguez Solera, Juan Ramón, 1961-  |d Director de Proyecto Eléctrico  
942 |c CEDI 
999 |c 14060  |d 14060